[Event "16th Asian Games Rapid"]
[Site "Guangzhou CHN"]
[Date "2010.11.14"]
[Round "3"]
[White "Nepali, Badrilal"]
[Black "Yamada, Kohei"]
[Result "1-0"]
[WhiteElo "2102"]
[BlackElo "2091"]
[WhiteFideId "12300020"]
[BlackFideId "7000936"]
[EventDate "2010.11.13"]

1. e4 e6 2. d4 d5 3. Nc3 Bb4 4. e5 c5 5. a3 Bxc3+ 6. bxc3 Qc7 7. Nf3 b6 8. Bb5+
Bd7 9. Bd3 Ba4 10. O-O c4 11. Be2 Nc6 12. Ng5 h6 13. Nh3 O-O-O 14. f4 f5 15. Be3
Nge7 16. Bf2 Rdg8 17. Qd2 Nd8 18. Kh1 Nf7 19. Bh4 Ng6 20. Bg3 Ne7 21. Rab1 Nc6
22. Bf2 g5 23. g4 Ne7 24. gxf5 Nxf5 25. Bg4 Qe7 26. Rb4 Bc6 27. a4 h5 28. Bxf5
exf5 29. fxg5 h4 30. Rg1 Nxe5 31. Re1 Nf3 32. Rxe7 Nxd2 33. Rxa7 Bb7 34. Rxb6
Rh7 35. g6 Rd7 36. Bxh4 Ne4 37. Bg3 Nd2 38. Bh4 Ne4 39. Bg3 1-0

[Event "16th Asian Games Rapid"]
[Site "Guangzhou CHN"]
[Date "2010.11.14"]
[Round "3"]
[White "Lee, Sanghoon"]
[Black "Shukuraliev, Algis"]
[Result "1-0"]
[WhiteTitle "CM"]
[WhiteElo "2132"]
[BlackElo "2376"]
[WhiteFideId "13200011"]
[BlackFideId "13800426"]
[EventDate "2010.11.13"]

1. d4 Nf6 2. c4 g6 3. Nc3 Bg7 4. e4 d6 5. Nf3 O-O 6. h3 e5 7. d5 a5 8. Be3 Na6
9. Bd3 Ne8 10. g4 c6 11. a3 Bd7 12. Qe2 cxd5 13. Nxd5 Nc5 14. Bxc5 dxc5 15.
O-O-O Nc7 16. Bc2 Ne6 17. h4 Nd4 18. Nxd4 cxd4 19. Kb1 Be6 20. Rdg1 Rc8 21. Bd3
b5 22. cxb5 Bxd5 23. exd5 Qxd5 24. Be4 Qd6 25. Rc1 Rxc1+ 26. Rxc1 f5 27. Rc6 Qd7
28. Qc4+ Kh8 29. gxf5 gxf5 30. Rc7 Qd6 31. Qc6 Qg6 32. Qxg6 hxg6 33. Bc6 Rb8 34.
f3 Kh7 35. a4 g5 36. hxg5 Kg6 37. b4 axb4 38. a5 Rd8 39. b6 d3 40. b7 d2 41. Ba4
e4 42. Rc8 1-0

[Event "16th Asian Games Rapid"]
[Site "Guangzhou CHN"]
[Date "2010.11.14"]
[Round "3"]
[White "Mohamed, Hassan"]
[Black "Alshoha, Basel"]
[Result "0-1"]
[WhiteElo "1780"]
[BlackElo "2106"]
[WhiteFideId "16700058"]
[BlackFideId "8101914"]
[EventDate "2010.11.13"]

1. d4 Nf6 2. c4 e6 3. Nc3 Bb4 4. a3 Bxc3+ 5. bxc3 O-O 6. Nf3 b6 7. e3 d6 8. Be2
Nc6 9. O-O Na5 10. Qc2 c5 11. e4 Ba6 12. Bg5 Qc7 13. Nd2 Nd7 14. Bd3 e5 15. d5
f6 16. Be3 Kh8 17. f4 exf4 18. Bxf4 Ne5 19. Be2 Bxc4 20. Nxc4 Naxc4 21. Kh1 Qd7
22. Qb3 Na5 23. Qc2 Rae8 24. c4 Qe7 25. Bg3 Nb7 26. Rf5 Nf7 27. Bd3 Nh6 28. Rf4
Nd8 29. Raf1 Ndf7 30. h3 Ne5 31. Be2 Nhf7 32. R4f2 Ng5 33. h4 Ngf7 34. Bh5 Rd8
35. Qe2 Qd7 36. Bh2 Qa4 37. Bxf7 Nxf7 38. Qd3 Qd7 39. Qf3 Rde8 40. h5 Ng5 41.
Qf5 Qxf5 42. exf5 Nf7 43. Rc2 Re4 44. Bg3 Rfe8 45. Kh2 Ne5 46. Rf4 Re3 47. Rff2
Ng4+ 48. Kg1 Rxg3 49. Rfe2 Rge3 50. Rxe3 Rxe3 51. a4 Re1# 0-1

[Event "16th Asian Games Rapid"]
[Site "Guangzhou CHN"]
[Date "2010.11.14"]
[Round "3"]
[White "Malkawi, Fadi"]
[Black "Abdul Rahman Ali"]
[Result "0-1"]
[WhiteTitle "FM"]
[WhiteElo "2089"]
[BlackElo "1936"]
[WhiteFideId "8100420"]
[BlackFideId "16700066"]
[EventDate "2010.11.13"]

1. e4 e6 2. d3 d5 3. Nd2 c6 4. Ngf3 Bc5 5. g3 Ne7 6. Bg2 Nd7 7. O-O O-O 8. c3
Ng6 9. Kh1 Bb6 10. Ne1 f5 11. f4 Nf6 12. exf5 exf5 13. h3 Re8 14. Ndf3 Nh5 15.
Kh2 Qd6 16. d4 Nf6 17. Nd3 Ne4 18. Nfe5 Nf6 19. Nf3 Ne4 20. Nfe5 Bc7 21. Qh5 b6
22. Bxe4 dxe4 23. Nf2 Bd7 24. Be3 Rad8 25. Rae1 Bc8 26. Rg1 Qf6 27. Qe2 b5 28.
a4 a6 29. axb5 cxb5 30. Qc2 Ne7 31. Qb3+ Be6 32. Qa3 Bd5 33. g4 Bxe5 34. dxe5
Qe6 35. gxf5 Nxf5 36. Ng4 Kh8 37. Qc5 Bc4 38. Nf2 Nh4 39. Nxe4 Nf3+ 40. Kg2
Nxe1+ 41. Rxe1 Bd5 42. Bd4 Qf5 43. Kf3 Qxh3+ 44. Kf2 Qh4+ 45. Kf1 Qxf4+ 46. Nf2
Qg3 47. Ke2 Bc4+ 48. Kd2 Qxf2+ 49. Re2 Qxe2+ 0-1

[Event "16th Asian Games Rapid"]
[Site "Guangzhou CHN"]
[Date "2010.11.14"]
[Round "4"]
[White "Al-Saffar, Araz Basim Mohammed S"]
[Black "Ghaem Maghami, Ehsan"]
[Result "0-1"]
[WhiteTitle "IM"]
[BlackTitle "GM"]
[WhiteElo "2349"]
[BlackElo "2593"]
[WhiteFideId "4801040"]
[BlackFideId "12500739"]
[EventDate "2010.11.13"]

1. d4 Nf6 2. c4 e6 3. Nf3 c5 4. d5 b5 5. dxe6 fxe6 6. cxb5 a6 7. e3 Be7 8. Nc3
O-O 9. Bd2 d5 10. bxa6 Nxa6 11. Bb5 Qb6 12. O-O d4 13. exd4 cxd4 14. Bxa6 Bxa6
15. Na4 Qd6 16. Re1 Ng4 17. h3 Rxf3 18. hxg4 Rxf2 19. Qb3 Raf8 20. Qxe6+ Qxe6
21. Rxe6 Rxd2 22. Rxa6 Bg5 23. Rc1 h6 24. Kh1 Rf4 25. Rac6 Rxg4 0-1

[Event "16th Asian Games Rapid"]
[Site "Guangzhou CHN"]
[Date "2010.11.15"]
[Round "6"]
[White "Le, Quang Liem"]
[Black "Sadvakasov, Darmen"]
[Result "1/2-1/2"]
[WhiteTitle "GM"]
[BlackTitle "GM"]
[WhiteElo "2689"]
[BlackElo "2627"]
[WhiteFideId "12401137"]
[BlackFideId "13700464"]
[EventDate "2010.11.13"]

1. Nf3 Nf6 2. c4 b6 3. d4 e6 4. g3 Bb7 5. Bg2 Be7 6. O-O O-O 7. Re1 d5 8. cxd5
exd5 9. Nc3 c5 10. Bf4 Nbd7 11. Rc1 Ne4 12. dxc5 Bxc5 13. Nd4 Nxc3 14. bxc3 Nf6
15. Bg5 h6 16. Bxf6 Qxf6 17. e3 Rfd8 18. Qb3 h5 19. h4 Rac8 20. Red1 Bxd4 21.
Rxd4 Rc5 22. Rcd1 Rdc8 23. Qa4 Qc6 24. Qb4 Qe6 25. Qb3 Qf6 26. Qa4 Qc6 27. Qb4
Qe6 28. R1d3 g6 29. Qa3 a5 30. Qb3 Ba6 31. Bxd5 Rxd5 32. Rxd5 Bxd3 33. Rxd3 Qxb3
34. axb3 b5 35. Rd5 Rxc3 36. Rxb5 Rc1+ 37. Kg2 Ra1 38. Kf3 Ra2 39. e4 a4 40.
bxa4 Rxa4 41. Kf4 Kg7 42. f3 Ra3 43. g4 hxg4 44. Kxg4 Ra1 45. h5 gxh5+ 46. Rxh5
f6 47. Rb5 Rg1+ 48. Kf4 Kg6 49. Rb6 Kf7 50. Ra6 Rb1 51. Rd6 Rb5 52. Rd5 Rb3 53.
Kg4 Re3 54. Rd6 Ke7 55. Ra6 Kf7 56. f4 Rxe4 57. Kf5 Rb4 58. Rxf6+ Kg7 59. Re6
Rb5+ 60. Re5 Rb6 61. Re7+ Kf8 62. Re6 Rb4 63. Ra6 Kf7 64. Ra7+ Kf8 65. Ra6 Kf7
66. Rf6+ Kg7 67. Re6 Kf7 68. Re5 Rb7 69. Rd5 Ra7 70. Kg5 Rb7 71. Rc5 Ra7 72. Rc6
Ra5+ 73. f5 Ra7 74. Rh6 Kg7 75. Rb6 Kf7 76. Rb1 Ra6 77. Rb7+ Kf8 78. Rc7 Rb6 79.
Ra7 Rc6 80. f6 Rc1 81. Kg6 Rg1+ 1/2-1/2

[Event "16th Asian Games Rapid"]
[Site "Guangzhou CHN"]
[Date "2010.11.15"]
[Round "6"]
[White "Kazhgaleyev, Murtas"]
[Black "Bu, Xiangzhi"]
[Result "0-1"]
[WhiteTitle "GM"]
[BlackTitle "GM"]
[WhiteElo "2623"]
[BlackElo "2680"]
[WhiteFideId "13700316"]
[BlackFideId "8601445"]
[EventDate "2010.11.13"]

1. d4 d5 2. c4 c6 3. Nc3 Nf6 4. Nf3 dxc4 5. a4 Bf5 6. Ne5 Nbd7 7. Nxc4 Nb6 8.
Ne5 a5 9. e3 Nbd7 10. Nc4 e6 11. g3 Nb6 12. Ne5 Nfd7 13. Nf3 Bb4 14. Bg2 O-O 15.
O-O h6 16. Qe2 Qe7 17. e4 Bg4 18. Be3 e5 19. Rfd1 exd4 20. Bxd4 Bc5 21. h3 Bxf3
22. Qxf3 Rad8 23. Ne2 Bxd4 24. Rxd4 Nc5 25. Qa3 Rfe8 26. Rxd8 Rxd8 27. Rc1 Nbxa4
28. Nf4 b5 29. Bf1 Rd2 30. Qe3 Rxb2 31. e5 Rb3 32. Qe1 Rb4 33. h4 Nb6 34. Qc3
Nc4 35. Bg2 Rb3 36. Qd4 Ne6 37. Nxe6 Qxe6 38. Qd8+ Kh7 39. Be4+ g6 40. h5 Nxe5
41. hxg6+ Nxg6 42. Bxc6 Rxg3+ 43. fxg3 Qe3+ 44. Kh2 Qxc1 45. Qf6 Qd2+ 46. Kh3
Kg8 47. Be8 Qd5 48. Bc6 Qh5+ 49. Kg2 b4 50. Ba4 Qd5+ 51. Kg1 Qe5 52. Qd8+ Kg7
53. Kg2 Qe4+ 54. Kh2 Ne5 55. Qxa5 Qe2+ 0-1

[Event "16th Asian Games Rapid"]
[Site "Guangzhou CHN"]
[Date "2010.11.15"]
[Round "6"]
[White "Salem, A.R. Saleh"]
[Black "Ghaem Maghami, Ehsan"]
[Result "0-1"]
[WhiteTitle "GM"]
[BlackTitle "GM"]
[WhiteElo "2518"]
[BlackElo "2593"]
[WhiteFideId "9301348"]
[BlackFideId "12500739"]
[EventDate "2010.11.13"]

1. d4 Nf6 2. c4 e6 3. Nc3 Bb4 4. e3 c5 5. Bd3 d5 6. Nf3 O-O 7. O-O Nc6 8. a3 Ba5
9. h3 Re8 10. cxd5 exd5 11. dxc5 Bxc3 12. bxc3 Qa5 13. c4 dxc4 14. Bxc4 Qxc5 15.
Qb3 Qe7 16. Bd2 Ne4 17. Bc1 Nf6 18. Bd2 Ne4 19. Be1 Bf5 20. Rd1 Rad8 21. Rxd8
Rxd8 22. Bb4 Nxb4 23. axb4 Nd6 24. Bd5 Rc8 25. Nd4 Be4 26. Ra1 a6 27. Rd1 g6 28.
Bxe4 Nxe4 29. Nf3 Rc3 30. Qd5 Rc2 31. Ne5 Nf6 32. Qd4 Rc8 33. f4 h5 34. Kh2 Qe6
35. Qa7 Qe7 36. Qd4 Qe6 37. Qa7 Qe7 38. Qb6 Kg7 39. Rd6 Ng4+ 0-1

[Event "16th Asian Games Rapid"]
[Site "Guangzhou CHN"]
[Date "2010.11.15"]
[Round "7"]
[White "Sadvakasov, Darmen"]
[Black "Filippov, Anton"]
[Result "0-1"]
[WhiteTitle "GM"]
[BlackTitle "GM"]
[WhiteElo "2627"]
[BlackElo "2620"]
[WhiteFideId "13700464"]
[BlackFideId "14200988"]
[EventDate "2010.11.13"]

1. e4 e6 2. d4 d5 3. Nc3 Nf6 4. e5 Nfd7 5. f4 c5 6. Nf3 Nc6 7. Be3 Qb6 8. Na4
Qa5+ 9. c3 cxd4 10. b4 Nxb4 11. cxb4 Bxb4+ 12. Bd2 Bxd2+ 13. Nxd2 O-O 14. Be2 d3
15. Bxd3 Qb4 16. Rb1 Qxf4 17. Nf3 Nxe5 18. Nxe5 Qxe5+ 19. Be2 Qf4 20. Nb2 Qb4+
21. Qd2 Qxd2+ 22. Kxd2 Bd7 23. Nd3 Bc6 24. Ne5 Rfc8 25. Rhc1 Rc7 26. Ba6 Kf8 27.
Bxb7 Rxb7 28. Nxc6 Rc7 29. Nd4 Rxc1 30. Rxc1 Rb8 31. a3 Rb7 32. Rc8+ Ke7 33. Kc3
e5 34. Nf5+ Kf6 35. Nd6 Rb6 36. Ne8+ Kf5 37. Nxg7+ Ke4 38. Nh5 Ke3 39. Rc5 d4+
40. Kc4 e4 41. Ng3 d3 42. Kc3 Rb1 43. Nf5+ Ke2 44. Ng3+ Ke3 45. Nf5+ Ke2 46.
Ng3+ Ke3 47. Nf5+ Kf2 48. Rd5 Re1 49. Rd7 Re2 50. Rxa7 Ke1 51. Nd4 d2 52. Nc2+
Kd1 0-1

[Event "16th Asian Games Rapid"]
[Site "Guangzhou CHN"]
[Date "2010.11.15"]
[Round "7"]
[White "Moradiabadi, Elshan"]
[Black "Ganguly, Surya Shekhar"]
[Result "0-1"]
[WhiteTitle "GM"]
[BlackTitle "GM"]
[WhiteElo "2575"]
[BlackElo "2644"]
[WhiteFideId "12501255"]
[BlackFideId "5002150"]
[EventDate "2010.11.13"]

1. Nf3 Nf6 2. c4 g6 3. Nc3 d5 4. cxd5 Nxd5 5. Qb3 Nb6 6. d4 Bg7 7. Bf4 Be6 8.
Qa3 c5 9. e3 cxd4 10. Nxd4 Bxd4 11. exd4 O-O 12. Bh6 Re8 13. Rd1 Nc6 14. Bb5 a6
15. Bxc6 bxc6 16. O-O Rb8 17. b3 Nd5 18. Ne4 Nb4 19. Qb2 Bd5 20. Nc5 Qc8 21. Bf4
Rb5 22. a3 Qf5 23. Bg3 Nc2 24. Rd2 Rxc5 25. dxc5 Qe4 26. f3 Qe3+ 27. Rdf2 Nd4
28. Qd2 Qxd2 29. Rxd2 Nxb3 30. Rc2 e5 31. Rb1 f6 32. Bf2 Kf7 33. Rcb2 Rb8 34.
Be1 Ke6 35. Kf2 g5 36. a4 h5 37. h3 Rb7 38. Ba5 h4 39. Bb6 Nd4 40. Rd2 Bc4 41.
Rb4 Bd5 42. Rdb2 Rb8 43. Bc7 Rc8 44. Rb7 Bb3 45. a5 Bc4 46. R2b6 Bb5 47. Bd6 Nb3
48. Re7+ Kf5 49. Rbb7 Nxa5 50. Ra7 Nb3 51. Rf7 Kg6 52. Rg7+ Kf5 53. Rgf7 Kg6 54.
Rh7 Rg8 55. Rhb7 a5 56. Rxb5 cxb5 57. c6 Rc8 58. c7 Kf7 59. Rb7 Ke6 60. Rb8 Kd7
61. Be7 Rxc7 62. Bxf6 Kc6 63. Bxg5 a4 64. Bf6 Ra7 65. Bxe5 a3 66. Rh8 Ra4 67. f4
a2 68. Rxh4 Nd4 69. Rh6+ Kd5 0-1

[Event "16th Asian Games Rapid"]
[Site "Guangzhou CHN"]
[Date "2010.11.15"]
[Round "7"]
[White "Ghaem Maghami, Ehsan"]
[Black "Megaranto, Susanto"]
[Result "0-1"]
[WhiteTitle "GM"]
[BlackTitle "GM"]
[WhiteElo "2593"]
[BlackElo "2528"]
[WhiteFideId "12500739"]
[BlackFideId "7101384"]
[EventDate "2010.11.13"]

1. c4 Nf6 2. Nf3 b6 3. g3 e6 4. Bg2 Bb7 5. O-O Be7 6. d4 O-O 7. Re1 Bb4 8. Bd2
a5 9. a3 Bxd2 10. Nbxd2 c5 11. e4 cxd4 12. Nxd4 e5 13. Nb5 Na6 14. Rb1 Nc5 15.
b4 axb4 16. axb4 Ne6 17. Nd6 Qc7 18. Nf3 Nd4 19. Nxd4 Qxd6 20. Nb5 Qc6 21. Rc1
Ra2 22. Nd6 Rb2 23. Nxb7 Qxb7 24. Qd6 Re8 25. b5 h5 26. Qa3 Rd2 27. Qd6 Rb2 28.
Qa3 Rd2 29. Rcd1 Rxd1 30. Rxd1 h4 31. Bf3 Qc7 32. Qd6 Qxc4 33. Qxb6 Qb3 34. Be2
Nxe4 35. Re1 hxg3 36. hxg3 Nf6 37. Rd1 Ne4 38. Re1 Nxg3 39. Bg4 Qb4 40. Re3 Qxg4
41. Rxg3 Qd1+ 42. Kh2 Qh5+ 43. Kg2 Qf5 44. Qh6 Qe4+ 45. Kg1 Qh7 46. Qg5 Kf8 47.
b6 Qh6 48. Qg4 Ra8 49. Rh3 Re8 50. Rg3 Ra8 51. Rh3 Qc1+ 52. Kh2 Ra1 53. Qg2 Qf4+
54. Qg3 Qxg3+ 55. Kxg3 Rb1 56. Rh8+ Ke7 57. Rb8 Rb4 58. b7 g5 59. Kf3 f5 60. Ke2
g4 61. Kd3 f4 62. Kc3 Rb1 63. Kc4 g3 64. fxg3 fxg3 65. Kd5 g2 66. Rg8 Rxb7 67.
Kxe5 Rb2 68. Rg7+ Kd8 69. Ke4 Kc7 70. Rg6 d6 71. Kd4 Kc6 72. Kc4 Rf2 73. Kd4 Kb5
74. Rg8 Ka4 75. Kc3 Kb5 76. Kd4 Kb4 77. Rg3 Rd2+ 78. Ke3 Kc3 79. Rg8 d5 80. Rc8+
Kb2 81. Rg8 Kc1 82. Kf3 d4 83. Ra8 Rb2 84. Ra1+ Rb1 85. Rxb1+ Kxb1 86. Kxg2 d3
87. Kf3 d2 88. Ke4 d1=Q 89. Ke5 0-1

[Event "16th Asian Games Rapid"]
[Site "Guangzhou CHN"]
[Date "2010.11.15"]
[Round "7"]
[White "Salem, A.R. Saleh"]
[Black "Al-Modiahki, Mohamad"]
[Result "1/2-1/2"]
[WhiteTitle "GM"]
[BlackTitle "GM"]
[WhiteElo "2518"]
[BlackElo "2562"]
[WhiteFideId "9301348"]
[BlackFideId "12100030"]
[EventDate "2010.11.13"]

1. d4 Nf6 2. c4 g6 3. Nc3 Bg7 4. e4 d6 5. f3 O-O 6. Be3 c5 7. Nge2 cxd4 8. Nxd4
Nc6 9. Qd2 Nxd4 10. Bxd4 Be6 11. Be2 Qa5 12. Rc1 Rfc8 13. b3 a6 14. a4 Qb4 15.
Bd1 Rab8 16. Ba7 Ra8 17. Bd4 h5 18. Bc2 Rab8 19. Bd1 Ra8 20. Ba7 Rab8 21. Bd4
Ra8 22. Bc2 Rab8 23. Rf1 Bd7 24. Bxf6 Bxf6 25. Nd5 Qxd2+ 26. Kxd2 Kg7 27. a5 Rc5
28. Nxf6 Kxf6 29. Ra1 e6 30. Bd3 e5 31. b4 Rc7 32. b5 Be6 33. Rfb1 Rbc8 34. bxa6
bxa6 35. Rb6 Bxc4 36. Rc1 Ke6 37. Bxc4+ Rxc4 38. Rxc4 Rxc4 39. Rxa6 f5 40. Kd3
Rd4+ 41. Ke3 Ra4 42. h4 Ra2 43. g3 Ra3+ 44. Kf2 Ra2+ 45. Ke3 Ra3+ 46. Kf2 Ra2+
47. Ke3 Ra3+ 1/2-1/2

[Event "16th Asian Games Rapid"]
[Site "Guangzhou CHN"]
[Date "2010.11.15"]
[Round "7"]
[White "Kakageldyev, Amanmurad"]
[Black "Tologontegin, Semetey"]
[Result "1/2-1/2"]
[WhiteTitle "IM"]
[BlackTitle "FM"]
[WhiteElo "2400"]
[BlackElo "2330"]
[WhiteFideId "14000024"]
[BlackFideId "13800574"]
[EventDate "2010.11.13"]

1. d4 d5 2. c4 e6 3. Nf3 Nf6 4. Nc3 Bb4 5. Bg5 Nbd7 6. cxd5 exd5 7. e3 c5 8. Bd3
O-O 9. O-O Qa5 10. Qc2 Bxc3 11. bxc3 c4 12. Bf5 Re8 13. Nd2 Ne4 14. Nf3 Nef6 15.
Nd2 Ne4 16. Bxe4 dxe4 17. Bf4 Qd5 18. a4 Nf8 19. Rfb1 Bd7 20. Rb4 Rac8 21. Qa2
Ne6 22. Bg3 a5 23. Rxc4 Bc6 24. Qb1 Ra8 25. f3 exf3 26. gxf3 Qh5 27. e4 Qg5 28.
Nf1 h5 29. h4 Qf6 30. d5 Qxf3 31. dxc6 Nf4 32. Bxf4 Qxf4 33. Qe1 Re6 34. Ra2
bxc6 35. Rg2 Rae8 36. Qg3 Ra8 37. Qe1 Rae8 38. Qg3 Qh6 39. Rc5 Rg6 40. Rg5 Rxe4
41. Rxg6 fxg6 42. Qg5 Qxg5 43. Rxg5 Rxa4 44. Rc5 Rxh4 45. Rxc6 Kh7 46. Kf2 Ra4
47. Ne3 Ra1 48. Ra6 a4 49. Ke2 h4 50. Kf3 a3 51. Nc2 Rc1 52. Nxa3 Rxc3+ 53. Kg2
g5 54. Nb5 Rd3 55. Nd6 g4 56. Nf5 Rd2+ 57. Kg1 g5 58. Rh6+ Kg8 59. Rg6+ Kf7 60.
Rxg5 Kf6 61. Rxg4 Kxf5 1/2-1/2

[Event "16th Asian Games Rapid"]
[Site "Guangzhou CHN"]
[Date "2010.11.16"]
[Round "8"]
[White "Le, Quang Liem"]
[Black "Sasikiran, Krishnan"]
[Result "1-0"]
[WhiteTitle "GM"]
[BlackTitle "GM"]
[WhiteElo "2689"]
[BlackElo "2688"]
[WhiteFideId "12401137"]
[BlackFideId "5004985"]
[EventDate "2010.11.13"]

1. d4 Nf6 2. c4 e6 3. Nf3 c5 4. Nc3 cxd4 5. Nxd4 d5 6. cxd5 Nxd5 7. Bd2 Bc5 8.
Nb3 Bb6 9. g3 O-O 10. Bg2 Qe7 11. O-O Rd8 12. Rc1 Nc6 13. Qc2 Nxc3 14. Qxc3 Bd7
15. Be3 Be8 16. Bc5 Qg5 17. h4 Qg4 18. Qe3 Bc7 19. Rc2 Qa4 20. Rfc1 h6 21. a3 e5
22. Rc4 Qa6 23. Nd2 Bb6 24. Nf3 f6 25. Bxb6 Qxb6 26. Qc3 Bf7 27. Rc5 Rd6 28. e3
Rad8 29. Bf1 Rd1 30. b4 e4 31. Rxd1 Rxd1 32. Nd2 Ne5 33. Nf3 Nc6 34. Nd2 Ne5 35.
Kg2 Qd6 36. Nc4 Bxc4 37. Bxc4+ Kh7 38. Qc2 Nd3 39. Bxd3 Qxd3 40. Qxd3 Rxd3 41.
a4 Ra3 42. a5 Rb3 43. Rb5 b6 44. axb6 axb6 45. h5 g6 46. hxg6+ Kxg6 47. g4 Rb2
48. Kg3 Kf7 49. Rxb6 Kg6 50. Rb7 h5 51. gxh5+ Kxh5 52. Kf4 Rxf2+ 53. Kxe4 Rb2
54. b5 Kg5 55. b6 f5+ 56. Kd5 Rb3 57. Kd4 Kg4 58. Rg7+ Kf3 59. b7 Rb4+ 60. Kc5
Rb1 61. Re7 Rb2 62. Kc6 Rb1 63. Kc7 Rc1+ 64. Kd8 Rd1+ 65. Kc8 Rc1+ 66. Rc7 Rb1
67. Rc3 1-0

[Event "16th Asian Games Rapid"]
[Site "Guangzhou CHN"]
[Date "2010.11.16"]
[Round "8"]
[White "Megaranto, Susanto"]
[Black "Filippov, Anton"]
[Result "1-0"]
[WhiteTitle "GM"]
[BlackTitle "GM"]
[WhiteElo "2528"]
[BlackElo "2620"]
[WhiteFideId "7101384"]
[BlackFideId "14200988"]
[EventDate "2010.11.13"]

1. e4 e5 2. Nf3 Nc6 3. Bb5 a6 4. Ba4 Nf6 5. O-O Be7 6. Re1 b5 7. Bb3 d6 8. c3
O-O 9. h3 Nb8 10. d4 Nbd7 11. Nbd2 Bb7 12. Nb1 Bc8 13. Nbd2 Bb7 14. Bc2 Re8 15.
Nf1 Bf8 16. Ng3 g6 17. a4 c5 18. d5 c4 19. Bg5 h6 20. Be3 Nc5 21. Qd2 h5 22. Bg5
Be7 23. Ra3 Nfd7 24. axb5 axb5 25. Rxa8 Bxa8 26. Ra1 Bxg5 27. Nxg5 Qf6 28. Ra5
Bb7 29. Ne2 Ra8 30. Rxa8+ Bxa8 31. h4 Bb7 32. g3 Nb6 33. Nc1 Qe7 34. Na2 Bc8 35.
Nb4 Bd7 36. Kg2 Kg7 37. Qc1 Qe8 38. Qd2 Qe7 39. Qc1 Qe8 40. f4 f6 41. Nf3 f5 42.
exf5 e4 43. Ng5 gxf5 44. Qe3 Qe7 45. Bd1 Be8 46. Nc2 Bf7 47. Qd4+ Qf6 48. Ne3
Bg6 49. Ne6+ Nxe6 50. Qxb6 Nc5 51. Qxb5 Nd3 52. Nxc4 Qe7 53. Qb6 Bf7 54. Ne3 Kg6
55. Be2 Nc5 56. b4 Na4 57. Qd4 Qd8 58. c4 Qc8 59. Bxh5+ Kxh5 60. Qf6 Qg8 61.
Nxf5 Qg6 62. Qh8+ 1-0

[Event "16th Asian Games Rapid"]
[Site "Guangzhou CHN"]
[Date "2010.11.16"]
[Round "8"]
[White "Sadvakasov, Darmen"]
[Black "Nguyen, Ngoc Truong Son"]
[Result "1-0"]
[WhiteTitle "GM"]
[BlackTitle "GM"]
[WhiteElo "2627"]
[BlackElo "2628"]
[WhiteFideId "13700464"]
[BlackFideId "12401110"]
[EventDate "2010.11.13"]

1. e4 c5 2. Nf3 g6 3. d4 cxd4 4. Nxd4 Bg7 5. c4 Nc6 6. Be3 Nf6 7. Nc3 O-O 8. Be2
d6 9. O-O Bd7 10. Qd2 Nxd4 11. Bxd4 Bc6 12. f3 a5 13. b3 Nd7 14. Be3 Nc5 15.
Rab1 Qb6 16. Rfc1 Rfc8 17. Rc2 Qb4 18. Qc1 Qb6 19. Bf1 Qd8 20. Qd2 Qf8 21. Re1
h5 22. Nd5 Bxd5 23. exd5 Rc7 24. Rcc1 b6 25. g3 Kh7 26. Bd3 Bh8 27. Bb1 Qg7 28.
Re2 Rac8 29. Kg2 a4 30. Bc2 axb3 31. axb3 Nd7 32. Bg5 Nf6 33. Rce1 Qf8 34. Bb1
Bg7 35. f4 b5 36. f5 bxc4 37. bxc4 Rxc4 38. Rxe7 R4c7 39. Rxf7 Rxf7 40. fxg6+
Kg8 41. gxf7+ Qxf7 42. Bf5 Re8 43. Be6 Rxe6 44. dxe6 Qb7+ 45. Kh3 1-0

[Event "16th Asian Games Rapid"]
[Site "Guangzhou CHN"]
[Date "2010.11.16"]
[Round "8"]
[White "Battulga, Namkhai"]
[Black "Ghaem Maghami, Ehsan"]
[Result "1-0"]
[WhiteTitle "FM"]
[BlackTitle "GM"]
[WhiteElo "2428"]
[BlackElo "2593"]
[WhiteFideId "4900880"]
[BlackFideId "12500739"]
[EventDate "2010.11.13"]

1. e4 c5 2. Nf3 d6 3. d4 cxd4 4. Nxd4 Nf6 5. Nc3 a6 6. Be3 e5 7. Nb3 Be7 8. f3
Be6 9. Qd2 O-O 10. O-O-O a5 11. Bb5 Nbd7 12. Na4 Qc7 13. g4 d5 14. g5 d4 15.
gxf6 dxe3 16. Qxd7 Bxd7 17. Rxd7 Qxd7 18. Bxd7 Bxf6 19. Nb6 Ra6 20. Nd5 Bh4 21.
Bb5 Rg6 22. Nxe3 Bg5 23. Kd2 Rc8 24. Bd3 a4 25. Nc1 Rb6 26. Nb3 Rg6 27. Nc1 Rb6
28. b3 g6 29. Ke2 Rbc6 30. Kf2 Bh4+ 31. Ke2 Rb6 32. Kd2 Bg5 33. Ke2 Rbc6 34. Kf2
Bh4+ 35. Ke2 Bg5 36. h4 Bh6 37. Kf2 Kf8 38. Ne2 Bxe3+ 39. Kxe3 b5 40. bxa4 bxa4
41. Rb1 Rxc2 42. Bxc2 Rxc2 43. Rb5 f6 44. Rb7 h5 45. a3 Ra2 46. Nc3 Rxa3 47. Kd2
Rb3 48. Ra7 a3 49. Kc2 Rb2+ 50. Kd3 g5 51. hxg5 fxg5 52. Rxa3 h4 53. Ra7 Kg8 54.
Nd5 Rb3+ 55. Ke2 Rb2+ 56. Kf1 Rb1+ 57. Kg2 Rb2+ 58. Kh3 Rf2 59. Kg4 Kf8 60. Nf6
h3 61. Rh7 h2 62. Kg3 1-0

[Event "16th Asian Games Rapid"]
[Site "Guangzhou CHN"]
[Date "2010.11.16"]
[Round "8"]
[White "Shrestha, Bilam Lal"]
[Black "Moradiabadi, Elshan"]
[Result "0-1"]
[BlackTitle "GM"]
[WhiteElo "2138"]
[BlackElo "2575"]
[WhiteFideId "12300047"]
[BlackFideId "12501255"]
[EventDate "2010.11.13"]

1. e4 c5 2. Nf3 e6 3. d4 cxd4 4. Nxd4 a6 5. Bd3 Nf6 6. O-O Qc7 7. Qe2 d6 8. c3
Nbd7 9. f4 b6 10. Nd2 Bb7 11. Bc2 e5 12. Nf5 g6 13. fxe5 dxe5 14. Ng3 Bg7 15.
Nf3 O-O 16. Bg5 h6 17. Bxf6 Nxf6 18. Rad1 Rad8 19. h3 Nd7 20. Kh2 Nc5 21. Qe3 a5
22. Rxd8 Rxd8 23. Rd1 Rxd1 24. Bxd1 Qd6 25. Bc2 Qe6 26. b3 Qd6 27. Qd2 Qc7 28.
h4 h5 29. Ng5 Bh6 30. b4 Bxg5 31. hxg5 axb4 32. cxb4 Ne6 33. Bb3 Nf4 34. Bd5 Ba6
35. a4 Bd3 36. a5 bxa5 37. bxa5 Qe7 38. Nh1 Bb5 39. g3 Ne2 40. Nf2 Qa3 41. Nh1
Qf3 42. Qe1 h4 43. Bb7 hxg3+ 44. Nxg3 Nf4 45. Qg1 Qg4 46. Kh1 Be2 47. Nxe2 Qf3+
48. Kh2 Qh3# 0-1

[Event "16th Asian Games Rapid"]
[Site "Guangzhou CHN"]
[Date "2010.11.16"]
[Round "8"]
[White "Antonio, Rogelio Jr"]
[Black "Minhazuddin, Ahmed"]
[Result "1/2-1/2"]
[WhiteTitle "GM"]
[BlackTitle "FM"]
[WhiteElo "2573"]
[BlackElo "2350"]
[WhiteFideId "5200032"]
[BlackFideId "10201955"]
[EventDate "2010.11.13"]

1. e4 e5 2. Nf3 Nf6 3. Nxe5 d6 4. Nf3 Nxe4 5. Nc3 Nxc3 6. dxc3 Be7 7. Be3 Nc6 8.
Qd2 Bg4 9. Be2 Qd7 10. h3 Be6 11. O-O-O O-O-O 12. Nd4 Nxd4 13. Qxd4 c5 14. Qf4
g5 15. Qg3 Qa4 16. a3 Rhg8 17. Rhe1 d5 18. Bd2 Rd6 19. Bg4 Rb6 20. Rxe6 fxe6 21.
Re1 Rg6 22. Qe5 Qb5 23. Qh8+ Bd8 24. c4 dxc4 25. Bc3 Qd7 26. Be5 c3 27. Bxc3 Rd6
28. Be5 Rd5 29. Bg3 b6 30. Kb1 Kb7 31. Bf3 Ka6 32. Bxd5 exd5 33. Qe8 Rg7 34. Re6
Qxe8 35. Rxe8 Rd7 36. Re6 Kb7 37. Kc1 Bc7 38. Bxc7 Kxc7 39. Rh6 Kd8 40. Kd2 Ke8
41. a4 Kf8 42. a5 bxa5 43. Ra6 Ke7 44. Rxa5 Kd6 45. Ra6+ Ke5 46. b3 Rf7 47. Ke3
d4+ 48. Ke2 Kd5 49. f3 Re7+ 50. Kd2 Rc7 51. Ra5 Kc6 52. Ra6+ Kd5 53. Kd3 Ke5 54.
g3 Rf7 55. Ke2 Kd5 56. Ra5 Re7+ 57. Kf2 Rc7 58. Ra6 Ke5 59. Ke2 Rf7 60. Ra5 Kd5
61. Kf2 Re7 1/2-1/2